How to be a good judge of character : methods of assessing ability and personality

Αποθηκεύτηκε σε:
Λεπτομέρειες βιβλιογραφικής εγγραφής
Κύριος συγγραφέας: Davey, D. Mackenzie (Douglas Mackenzie)
Άλλοι συγγραφείς: Kneebone, Peter (Εικονογράφος)
Μορφή: Βιβλίο
Γλώσσα:English
Δημοσίευση: London : Kogan Page, 1996
Θέματα:
Ετικέτες: Προσθήκη ετικέτας
Δεν υπάρχουν, Καταχωρήστε ετικέτα πρώτοι!

MARC

LEADER 00000nam a2200000 i 4500
001 1/47764
008 980122s1996 eng d
020 |a 0749401230 
035 |l 10026556 
040 |a GR-MY-UA  |b gre  |e aacr 
041 0 |a eng 
082 0 |a 658.3125 
100 1 |a Davey, D. Mackenzie  |q (Douglas Mackenzie) 
245 1 0 |a How to be a good judge of character :  |b methods of assessing ability and personality /  |c Mackenzie D. Davey ; Illustrated by : Peter Kneebone 
260 |a London :   |b Kogan Page,   |c 1996 
300 |a 208 p. 
650 0 0 |a Personnel management. 
700 1 |a Kneebone, Peter.  |4 ill 
852 |a INST  |b CHIOS  |e 19980122  |h 658.3125 DAV  |p 005200010069  |q 005200010069  |t BK  |y 0 
901 |a BIBL-1997-3 
909 |a Χ  |b 052587